[Event "18. Open de Sants Hostafrancs 2016"]
[Site "Barcelona ESP"]
[Date "2016.08.22"]
[Round "4.15"]
[White "Webersberger, Johann"]
[Black "Delorme, Axel"]
[Result "0-1"]
[WhiteElo "2356"]
[BlackElo "2500"]
[PlyCount "76"]
[EventDate "2016.08.19"]
[EventType "swiss"]
[EventRounds "10"]
[EventCountry "ESP"]
[SourceTitle "Ajedrez en Madrid"]
[Source "lmi"]
[SourceDate "2016.08.19"]

1. Nf3 d5 2. g3 Bg4 3. Bg2 c6 4. d3 e6 5. O-O Bd6 6. c4 Ne7 7. Nc3 Nd7 8. cxd5
cxd5 9. h3 Bh5 10. e4 O-O 11. exd5 exd5 12. g4 Bg6 13. Nh4 Nc6 14. Nxg6 fxg6
15. Nxd5 Nb6 16. Be3 Nxd5 17. Bxd5+ Kh8 18. Bxc6 bxc6 19. Rc1 Qe7 20. d4 Rac8
21. Rc3 Bc7 22. f4 Ba5 23. Rb3 Rcd8 24. Qf3 Rd5 25. Rc1 Qd7 26. Ra3 Bb6 27. Ra4
h6 28. Rac4 Rf6 29. Kg2 Bxd4 30. Bxd4 Rxd4 31. Rxd4 Qxd4 32. Rf1 Qxb2+ 33. Rf2
Qd4 34. h4 g5 35. hxg5 hxg5 36. f5 Rh6 37. Re2 Rh4 38. Re4 Qa1 0-1

[Event "18. Open de Sants Hostafrancs 2016"]
[Site "Barcelona ESP"]
[Date "2016.08.22"]
[Round "4.16"]
[White "Bailet, Pierre"]
[Black "Lapshun, Yury"]
[Result "1/2-1/2"]
[WhiteElo "2492"]
[BlackElo "2396"]
[PlyCount "101"]
[EventDate "2016.08.19"]
[EventType "swiss"]
[EventRounds "10"]
[EventCountry "ESP"]
[SourceTitle "Ajedrez en Madrid"]
[Source "lmi"]
[SourceDate "2016.08.19"]

1. e4 d5 2. exd5 Qxd5 3. Nf3 Nf6 4. Be2 Bg4 5. O-O e6 6. d4 Be7 7. c4 Qd8 8.
Qb3 Qc8 9. Nc3 O-O 10. Bf4 c6 11. h3 Bh5 12. d5 exd5 13. cxd5 Rd8 14. Rac1 Nbd7
15. dxc6 bxc6 16. Rfd1 Nc5 17. Rxd8+ Qxd8 18. Qc4 Ne6 19. Ne5 Bxe2 20. Nxe2 c5
21. Be3 Qd5 22. Nd3 Qxc4 23. Rxc4 Nd7 24. b3 Nb6 25. Rc1 Rc8 26. Nef4 Nxf4 27.
Nxf4 Bg5 28. g3 Be7 29. Nd3 Nd7 30. b4 c4 31. Nc5 Nb6 32. a4 Nd5 33. Rxc4 a5
34. Rc1 axb4 35. Nb3 Nc3 36. Kg2 Kf8 37. Kf3 Ke8 38. a5 Rc6 39. Bd4 g6 40. Ke3
Kd7 41. Kd3 Nb5 42. Be3 Rxc1 43. Nxc1 Kc6 44. a6 Bc5 45. Bxc5 Kxc5 46. Nb3+ Kb6
47. Kc4 Kxa6 48. Kxb4 Kb6 49. Kc4 Kc6 50. Na5+ Kb6 51. Nb7 1/2-1/2

[Event "18. Open de Sants Hostafrancs 2016"]
[Site "Barcelona ESP"]
[Date "2016.08.22"]
[Round "4.17"]
[White "Hansen, Mads"]
[Black "Kobo, Ori"]
[Result "1-0"]
[WhiteElo "2344"]
[BlackElo "2489"]
[PlyCount "53"]
[EventDate "2016.08.19"]
[EventType "swiss"]
[EventRounds "10"]
[EventCountry "ESP"]
[SourceTitle "Ajedrez en Madrid"]
[Source "lmi"]
[SourceDate "2016.08.19"]

1. e4 e6 2. d4 d5 3. Nc3 Nf6 4. e5 Nfd7 5. f4 c5 6. Nf3 Be7 7. Be3 Nc6 8. Qd2
O-O 9. dxc5 Nxc5 10. O-O-O a6 11. Qf2 b6 12. Nd4 Bb7 13. Bd3 Nb4 14. Kb1 Qc7
15. Rhe1 Nbxd3 16. cxd3 f6 17. Qg3 b5 18. b4 Rfc8 19. bxc5 Qxc5 20. Nce2 Qb4+
21. Ka1 Kf7 22. Qh3 f5 23. g4 Qa3 24. Bc1 Qa4 25. gxf5 Bb4 26. f6 Bc3+ 27. Bb2
1-0

[Event "18. Open de Sants Hostafrancs 2016"]
[Site "Barcelona ESP"]
[Date "2016.08.22"]
[Round "4.18"]
[White "Lemeaux, David"]
[Black "Harutyunian, Tigran K"]
[Result "0-1"]
[WhiteElo "2315"]
[BlackElo "2485"]
[PlyCount "124"]
[EventDate "2016.08.19"]
[EventType "swiss"]
[EventRounds "10"]
[EventCountry "ESP"]
[SourceTitle "Ajedrez en Madrid"]
[Source "lmi"]
[SourceDate "2016.08.19"]

1. c4 Nf6 2. Nf3 c5 3. g3 b6 4. Bg2 Bb7 5. O-O g6 6. b3 Bg7 7. Bb2 O-O 8. d4
cxd4 9. Qxd4 d6 10. Nc3 Nbd7 11. Nd5 Rc8 12. Rad1 Rc5 13. Ne3 Qa8 14. Qd3 a6
15. Bd4 e5 16. Bxc5 e4 17. Qxd6 exf3 18. Bxf3 Bxf3 19. exf3 bxc5 20. Nd5 Nxd5
21. Rxd5 Nf6 22. Rd3 Rc8 23. Rfd1 Ne8 24. Qf4 Bd4 25. b4 Ng7 26. Kg2 Ne6 27.
Qe4 Rb8 28. Qxa8 Rxa8 29. bxc5 Bxc5 30. Rb1 Ra7 31. Rb8+ Kg7 32. Rc8 Rb7 33.
Rd5 Ba7 34. Rd2 a5 35. Ra8 Rc7 36. Rd5 Bd4 37. Raxa5 Rxc4 38. Ra6 Nc7 39. Rxd4
Rxd4 40. Rc6 Nd5 41. Rc2 Ra4 42. Rc5 Nb6 43. Rc2 Ra3 44. Re2 Nd5 45. Rb2 h5 46.
Rb5 Rd3 47. Rb2 Kf6 48. h4 Ra3 49. Rb5 Ke5 50. Rb2 Ra7 51. Re2+ Kd6 52. Rd2 Kc5
53. Re2 Nc3 54. Re3 Nxa2 55. g4 Kd5 56. gxh5 gxh5 57. f4 f6 58. Kf3 Nb4 59. Re8
Ra3+ 60. Kg2 Nd3 61. Kg3 Ne5+ 62. Kg2 Ng6 0-1

[Event "18. Open de Sants Hostafrancs 2016"]
[Site "Barcelona ESP"]
[Date "2016.08.22"]
[Round "4.19"]
[White "Alvarez Pedraza, Aramis"]
[Black "Cruz, Filemon"]
[Result "1/2-1/2"]
[WhiteElo "2483"]
[BlackElo "2349"]
[PlyCount "63"]
[EventDate "2016.08.19"]
[EventType "swiss"]
[EventRounds "10"]
[EventCountry "ESP"]
[SourceTitle "Ajedrez en Madrid"]
[Source "lmi"]
[SourceDate "2016.08.19"]

1. e4 c5 2. Nf3 e6 3. g3 Nc6 4. Bg2 Nf6 5. Qe2 e5 6. O-O d6 7. c3 Be7 8. h3 O-O
9. Rd1 Qb6 10. Na3 Re8 11. d3 h6 12. Nh2 Bf8 13. Qf3 Be6 14. Nc4 Qd8 15. Ne3
Ne7 16. Nhg4 Nxg4 17. Nxg4 Nc6 18. Ne3 b5 19. Qe2 b4 20. f4 bxc3 21. bxc3 f6
22. Bf3 Kh8 23. Bg4 Bg8 24. Bh5 Re7 25. Nf5 Rb7 26. Nh4 Rab8 27. Qg4 Ne7 28. c4
Qa5 29. Be3 Rb2 30. Qd7 Bh7 31. Nf3 Rd8 32. Qe6 1/2-1/2

[Event "18. Open de Sants Hostafrancs 2016"]
[Site "Barcelona ESP"]
[Date "2016.08.22"]
[Round "4.20"]
[White "Gonzalez Acosta, Bernal"]
[Black "Diaz Camallonga, Carles"]
[Result "1-0"]
[WhiteElo "2478"]
[BlackElo "2336"]
[PlyCount "87"]
[EventDate "2016.08.19"]
[EventType "swiss"]
[EventRounds "10"]
[EventCountry "ESP"]
[SourceTitle "Ajedrez en Madrid"]
[Source "lmi"]
[SourceDate "2016.08.19"]

1. d4 e6 2. Nf3 Nf6 3. c4 Bb4+ 4. Nbd2 O-O 5. a3 Bxd2+ 6. Qxd2 d5 7. e3 b6 8.
b4 dxc4 9. Bxc4 Bb7 10. Bb2 Nbd7 11. O-O a5 12. b5 c6 13. bxc6 Bxc6 14. Qe2 Qc7
15. Rfc1 Qb7 16. a4 Rfc8 17. Ne1 Bd5 18. Bb5 Bc6 19. Bd3 Nf8 20. f3 Nd5 21. Bc4
Qd7 22. e4 Nb4 23. Bb3 Bb7 24. Qd2 f5 25. exf5 Bd5 26. Bxd5 Nxd5 27. fxe6 Nxe6
28. Rxc8+ Rxc8 29. Nd3 Qf7 30. Re1 Nec7 31. Qc2 Qg6 32. Qc4 Re8 33. Re5 Kh8 34.
Bc1 Rf8 35. h3 h6 36. Re2 Kh7 37. Ne5 Qf5 38. Ba3 Re8 39. Bd6 b5 40. axb5 Qb1+
41. Kh2 Qxb5 42. Qc2+ Kg8 43. Bxc7 Rc8 44. Qa2 1-0

[Event "18. Open de Sants Hostafrancs 2016"]
[Site "Barcelona ESP"]
[Date "2016.08.22"]
[Round "4.22"]
[White "Petrosyan, Tigran S"]
[Black "Vidarte Morales, Arturo"]
[Result "1/2-1/2"]
[WhiteElo "2462"]
[BlackElo "2324"]
[PlyCount "105"]
[EventDate "2016.08.19"]
[EventType "swiss"]
[EventRounds "10"]
[EventCountry "ESP"]
[SourceTitle "Ajedrez en Madrid"]
[Source "lmi"]
[SourceDate "2016.08.19"]

1. e4 e5 2. Nf3 Nc6 3. Bb5 a6 4. Bxc6 dxc6 5. O-O f6 6. d4 exd4 7. Nxd4 c5 8.
Nb3 Qxd1 9. Rxd1 Bd7 10. Bf4 O-O-O 11. Nc3 Be6 12. Rxd8+ Kxd8 13. Rd1+ Kc8 14.
Nd5 Bxd5 15. Rxd5 b6 16. Rd1 Ne7 17. Nd2 Ng6 18. Bg3 h5 19. h3 Be7 20. Nc4 Rd8
21. Rxd8+ Bxd8 22. Ne3 Ne7 23. f4 b5 24. Kf2 c4 25. Kf3 Kd7 26. Bh2 c6 27. g4
hxg4+ 28. hxg4 Bc7 29. Nf5 g5 30. Nxe7 Kxe7 31. Bg3 gxf4 32. Bxf4 Bxf4 33. Kxf4
Ke6 34. c3 a5 35. a3 a4 36. e5 fxe5+ 37. Ke4 c5 38. g5 b4 39. g6 b3 40. g7 Kf7
41. Kxe5 Kxg7 42. Kd5 Kf6 43. Kxc4 Ke5 44. Kxc5 Ke4 45. c4 Kd3 46. Kb4 Kc2 47.
c5 Kxb2 48. c6 Ka2 49. c7 b2 50. c8=Q b1=Q+ 51. Kxa4 Qb3+ 52. Ka5 Qxa3+ 53. Kb6
1/2-1/2

[Event "18. Open de Sants Hostafrancs 2016"]
[Site "Barcelona ESP"]
[Date "2016.08.22"]
[Round "4.23"]
[White "Alanic, Mickael"]
[Black "Satyapragyan, Swayangsu"]
[Result "0-1"]
[WhiteElo "2295"]
[BlackElo "2462"]
[PlyCount "98"]
[EventDate "2016.08.19"]
[EventType "swiss"]
[EventRounds "10"]
[EventCountry "ESP"]
[SourceTitle "Ajedrez en Madrid"]
[Source "lmi"]
[SourceDate "2016.08.19"]

1. e4 e5 2. Nf3 Nc6 3. Bc4 Nf6 4. Ng5 d5 5. exd5 Na5 6. Bb5+ c6 7. dxc6 bxc6 8.
Be2 h6 9. Nf3 e4 10. Ne5 Bd6 11. d4 exd3 12. Nxd3 O-O 13. b3 c5 14. Na3 Ne4 15.
Bb2 c4 16. Nxc4 Nxc4 17. bxc4 Qa5+ 18. c3 Bf5 19. c5 Nxc5 20. Nxc5 Bxc5 21. O-O
Rab8 22. Qc1 Rfe8 23. Bc4 Qa4 24. Bb3 Qg4 25. Bd5 Bd3 26. Ba3 Bxa3 27. Qxa3
Bxf1 28. Rxf1 Qf5 29. Bb3 a5 30. h3 Rb6 31. Qc1 Re2 32. Qd1 Re8 33. Bc2 Qf6 34.
Qd3 g6 35. Bb3 Kg7 36. Rd1 Rc6 37. Qd5 Rce6 38. g3 Re2 39. Qc5 R8e5 40. Qd4
R2e4 41. Qd3 a4 42. Bd5 Re2 43. Rf1 Rb2 44. c4 Ree2 45. Bf3 Rec2 46. Kg2 Rxa2
47. Qd5 Qb2 48. Qc5 a3 49. h4 Rxf2+ 0-1

[Event "18. Open de Sants Hostafrancs 2016"]
[Site "Barcelona ESP"]
[Date "2016.08.22"]
[Round "4.24"]
[White "Serarols Mabras, Bernat"]
[Black "Wan, Yunguo"]
[Result "0-1"]
[WhiteElo "2237"]
[BlackElo "2458"]
[PlyCount "56"]
[EventDate "2016.08.19"]
[EventType "swiss"]
[EventRounds "10"]
[EventCountry "ESP"]
[SourceTitle "Ajedrez en Madrid"]
[Source "lmi"]
[SourceDate "2016.08.19"]

1. d4 Nf6 2. c4 g6 3. Nc3 Bg7 4. e4 d6 5. Be2 O-O 6. Bg5 Na6 7. f4 c6 8. Qd2
Nc7 9. Bf3 Rb8 10. Rd1 b5 11. e5 Ng4 12. cxb5 Nxb5 13. Nxb5 Rxb5 14. Ne2 f6 15.
Bxc6 Rb6 16. Bd5+ Kh8 17. h3 fxg5 18. hxg4 Bxg4 19. e6 Bxe2 20. Qxe2 Rxf4 21.
g3 Rxb2 22. Qxb2 Qa5+ 23. Qd2 Qxd5 24. Rxh7+ Kxh7 25. gxf4 g4 26. Qe2 g3 27.
Rd3 Qh1+ 28. Kd2 g2 0-1

[Event "18. Open de Sants Hostafrancs 2016"]
[Site "Barcelona ESP"]
[Date "2016.08.22"]
[Round "4.25"]
[White "Sundararajan, Kidambi"]
[Black "Latorre, Matias"]
[Result "0-1"]
[WhiteElo "2442"]
[BlackElo "2318"]
[PlyCount "120"]
[EventDate "2016.08.19"]
[EventType "swiss"]
[EventRounds "10"]
[EventCountry "ESP"]
[SourceTitle "Ajedrez en Madrid"]
[Source "lmi"]
[SourceDate "2016.08.19"]

1. d4 d6 2. g3 g6 3. Bg2 Bg7 4. Nf3 Nf6 5. O-O O-O 6. c4 c5 7. d5 b5 8. cxb5 a6
9. bxa6 Nxa6 10. Nc3 Nc7 11. e4 Nd7 12. Re1 Ba6 13. Qc2 Qc8 14. Rb1 Nb5 15.
Nxb5 Bxb5 16. Bg5 Qa6 17. Bf1 Bxf1 18. Rxf1 h6 19. Bd2 Qxa2 20. Bc3 Rfb8 21.
Bxg7 Kxg7 22. Qc3+ Kh7 23. Nd2 Qa5 24. Qc2 Qb4 25. Nc4 Qb3 26. Qe2 Rb4 27. Rbc1
Nb6 28. Rc3 Qa2 29. Nxb6 Rxb6 30. Qf3 Kg7 31. e5 Qxb2 32. exd6 exd6 33. Re3 Qf6
34. Qg4 Qf5 35. Qxf5 gxf5 36. Rf3 Kg6 37. h4 Rab8 38. Kg2 Rb1 39. Rxb1 Rxb1 40.
Rd3 Rb2 41. Kf3 Kf6 42. Ke3 Rb4 43. f4 Kg6 44. Ra3 Re4+ 45. Kf3 Rd4 46. Ra8
Rxd5 47. Rg8+ Kh7 48. Rc8 Kg7 49. h5 Rd3+ 50. Ke2 Rd4 51. Ke3 Kf6 52. Rh8 Rd5
53. Rc8 Rd1 54. Ke2 Rh1 55. Kf3 Ke6 56. Kg2 Rxh5 57. Re8+ Kd5 58. Re7 c4 59.
Rxf7 Kd4 60. Rc7 d5 0-1

[Event "18. Open de Sants Hostafrancs 2016"]
[Site "Barcelona ESP"]
[Date "2016.08.22"]
[Round "4.26"]
[White "Martorell Aguado, Joan"]
[Black "Goh, Wei Ming Kevin"]
[Result "0-1"]
[WhiteElo "2206"]
[BlackElo "2435"]
[PlyCount "72"]
[EventDate "2016.08.19"]
[EventType "swiss"]
[EventRounds "10"]
[EventCountry "ESP"]
[SourceTitle "Ajedrez en Madrid"]
[Source "lmi"]
[SourceDate "2016.08.19"]

1. d4 Nf6 2. Nf3 g6 3. Nc3 d5 4. Bf4 Bg7 5. e3 O-O 6. Be2 c5 7. h4 Nc6 8. Qd2
Ne4 9. Nxe4 dxe4 10. Ng5 cxd4 11. exd4 Qxd4 12. c3 Qa4 13. b3 Qa5 14. b4 e3 15.
Bxe3 Qa3 16. Rc1 Bf5 17. O-O Rfd8 18. Qe1 Qxa2 19. b5 Ne5 20. Ra1 Qb3 21. Bd4
h6 22. Nh3 Bxh3 23. gxh3 Rxd4 24. cxd4 Qxh3 25. Qd1 Rd8 26. Qc1 Rxd4 27. Qe3
Qxh4 28. Rxa7 Re4 29. Qg3 Rxe2 30. Qxh4 Nf3+ 31. Kh1 Nxh4 32. Rxb7 Nf5 33. Rb1
Rxf2 34. Rd7 Bd4 35. b6 Ng3+ 36. Kg1 Rf1+ 0-1

[Event "18. Open de Sants Hostafrancs 2016"]
[Site "Barcelona ESP"]
[Date "2016.08.22"]
[Round "4.27"]
[White "Fier, Alexandr"]
[Black "Olivares Canelles, Francisco"]
[Result "1-0"]
[WhiteElo "2627"]
[BlackElo "2314"]
[PlyCount "69"]
[EventDate "2016.08.19"]
[EventType "swiss"]
[EventRounds "10"]
[EventCountry "ESP"]
[SourceTitle "Ajedrez en Madrid"]
[Source "lmi"]
[SourceDate "2016.08.19"]

1. d4 Nf6 2. c4 e6 3. Nf3 b6 4. a3 Bb7 5. Nc3 d5 6. cxd5 Nxd5 7. e3 Be7 8. Bb5+
c6 9. Bd3 Nd7 10. O-O Qc7 11. e4 Nxc3 12. bxc3 h6 13. Qe2 Rd8 14. Bb2 O-O 15.
Rad1 c5 16. e5 Rfe8 17. Nd2 Bf8 18. h4 f5 19. h5 Nb8 20. f4 Qc8 21. g4 Ba6 22.
gxf5 exf5 23. Nf3 Bxd3 24. Qxd3 c4 25. Qc2 Nc6 26. d5 Na5 27. d6 Nb7 28. Nh4
Bxd6 29. exd6 Nxd6 30. Ng6 Qc5+ 31. Qf2 Qb5 32. a4 Qb3 33. Qg2 Kh7 34. Ne5 Re6
35. Nc6 1-0

[Event "18. Open de Sants Hostafrancs 2016"]
[Site "Barcelona ESP"]
[Date "2016.08.22"]
[Round "4.28"]
[White "Kunin, Vitaly"]
[Black "Lorscheid, Gerhard"]
[Result "1-0"]
[WhiteElo "2592"]
[BlackElo "2240"]
[PlyCount "107"]
[EventDate "2016.08.19"]
[EventType "swiss"]
[EventRounds "10"]
[EventCountry "ESP"]
[SourceTitle "Ajedrez en Madrid"]
[Source "lmi"]
[SourceDate "2016.08.19"]

1. d4 d5 2. c4 c6 3. Nf3 Nf6 4. Nc3 a6 5. e3 Bf5 6. Ne5 Qc7 7. Bd2 Nbd7 8. Qb3
Be6 9. Nxd7 Qxd7 10. cxd5 Bxd5 11. Qc2 g6 12. f3 Bg7 13. Be2 O-O 14. O-O b5 15.
e4 Be6 16. Be3 Nh5 17. Rad1 f5 18. e5 f4 19. Bf2 Bd5 20. a4 e6 21. Nxd5 cxd5
22. axb5 axb5 23. g4 fxg3 24. hxg3 Rfc8 25. Qb3 Bf8 26. Kg2 b4 27. Ra1 Qc6 28.
Rxa8 Rxa8 29. Rh1 Qa4 30. Bd1 Qxb3 31. Bxb3 Ng7 32. g4 Be7 33. Be3 h5 34. Rc1
Ra7 35. Kh3 Kf7 36. Rg1 Ra8 37. Kg3 Ra7 38. Kf2 Ra8 39. Rc1 Ra7 40. Kg3 Rb7 41.
Ra1 Rc7 42. Ra8 Ne8 43. Rb8 Ra7 44. Bd2 Ra1 45. Rb7 h4+ 46. Kh3 Rh1+ 47. Kg2
Rb1 48. Bxb4 Rxb2+ 49. Kh3 Rxb3 50. Rxe7+ Kf8 51. Bc5 Rc3 52. Rxe6+ Kf7 53.
Re7+ Kf8 54. Ra7+ 1-0

[Event "18. Open de Sants Hostafrancs 2016"]
[Site "Barcelona ESP"]
[Date "2016.08.22"]
[Round "4.29"]
[White "Lattanzio, Savino"]
[Black "Ortiz Suarez, Isan Reynaldo"]
[Result "0-1"]
[WhiteElo "2241"]
[BlackElo "2564"]
[PlyCount "79"]
[EventDate "2016.08.19"]
[EventType "swiss"]
[EventRounds "10"]
[EventCountry "ESP"]
[SourceTitle "Ajedrez en Madrid"]
[Source "lmi"]
[SourceDate "2016.08.19"]

1. d4 Nf6 2. Nf3 e6 3. e3 c5 4. Bd3 Qc7 5. c4 d5 6. b3 cxd4 7. exd4 Bb4+ 8. Bd2
Nc6 9. O-O O-O 10. Nc3 dxc4 11. bxc4 Rd8 12. a3 Be7 13. Qc2 h6 14. h3 Bd7 15.
Nb5 Qc8 16. Bf4 Ne8 17. d5 Na5 18. d6 Bf6 19. Rab1 b6 20. Bh7+ Kh8 21. Be4 Bc6
22. Rfd1 Qb7 23. Bxc6 Qxc6 24. Rbc1 Nb7 25. Qd2 a6 26. Nbd4 Qd7 27. Nb3 Nbxd6
28. c5 bxc5 29. Nxc5 Qe7 30. Qa5 Qa7 31. Ne5 Bxe5 32. Bxe5 Nb7 33. Nxb7 Rxd1+
34. Rxd1 Qxb7 35. Qa4 Rb8 36. Rd2 Qb1+ 37. Kh2 Qf5 38. Bd4 Nf6 39. Bxf6 Qxf6
40. Qd4 0-1

[Event "18. Open de Sants Hostafrancs 2016"]
[Site "Barcelona ESP"]
[Date "2016.08.22"]
[Round "4.30"]
[White "Schroeder, Jan-christian"]
[Black "Sohier, Julien"]
[Result "1/2-1/2"]
[WhiteElo "2523"]
[BlackElo "2240"]
[PlyCount "71"]
[EventDate "2016.08.19"]
[EventType "swiss"]
[EventRounds "10"]
[EventCountry "ESP"]
[SourceTitle "Ajedrez en Madrid"]
[Source "lmi"]
[SourceDate "2016.08.19"]

1. e4 e5 2. Nf3 Nc6 3. Bb5 Nf6 4. d3 Bc5 5. Bxc6 dxc6 6. Nbd2 O-O 7. Qe2 Nd7 8.
Nc4 Re8 9. Bd2 Bd6 10. h4 Nf8 11. h5 c5 12. O-O-O Bg4 13. Ne3 Be6 14. Kb1 a5
15. g4 a4 16. Rdg1 b5 17. g5 b4 18. g6 fxg6 19. hxg6 Nxg6 20. Ng5 h6 21. Nxe6
Rxe6 22. Nf5 Bf8 23. Qh5 Raa6 24. Rg3 c4 25. Bxh6 gxh6 26. Nxh6+ Bxh6 27. Qxh6
Kf7 28. Qh7+ Ke8 29. Rf3 Rf6 30. Qg8+ Nf8 31. Qxc4 Rac6 32. Qb5 Rxf3 33. Qxc6+
Qd7 34. Qc5 Qd6 35. Qb5+ Ke7 36. Qxa4 1/2-1/2

[Event "18. Open de Sants Hostafrancs 2016"]
[Site "Barcelona ESP"]
[Date "2016.08.22"]
[Round "4.31"]
[White "Comas Fabrego, Lluis"]
[Black "Garcia Ramos, Daniel"]
[Result "1-0"]
[WhiteElo "2507"]
[BlackElo "2238"]
[PlyCount "109"]
[EventDate "2016.08.19"]
[EventType "swiss"]
[EventRounds "10"]
[EventCountry "ESP"]
[SourceTitle "Ajedrez en Madrid"]
[Source "lmi"]
[SourceDate "2016.08.19"]

1. c4 Nf6 2. d4 e6 3. Nf3 b6 4. g3 Bb7 5. Bg2 Bb4+ 6. Bd2 Qe7 7. O-O Bxd2 8.
Qxd2 O-O 9. Nc3 d6 10. d5 e5 11. e4 Nbd7 12. b4 Nh5 13. Qg5 Qxg5 14. Nxg5 h6
15. Nf3 Nhf6 16. a3 g6 17. Bh3 Rfd8 18. Nd2 Kg7 19. Rfc1 h5 20. f3 h4 21. Kg2
a6 22. Nb3 Bc8 23. Nd1 a5 24. Nc3 hxg3 25. hxg3 Rh8 26. Nd2 Ba6 27. Nb5 Rhc8
28. Nb3 Bxb5 29. cxb5 axb4 30. axb4 Rxa1 31. Rxa1 Kf8 32. Ra7 Ke7 33. Nd2 Kd8
34. Nc4 Rb8 35. Kf2 Kc8 36. Ke3 Rb7 37. Ra8+ Rb8 38. Ra7 Rb7 39. Ra2 Kb8 40.
Bxd7 Nxd7 41. Rh2 Ra7 42. Rh8+ Kb7 43. Rd8 Nf6 44. Rf8 Nh5 45. Rxf7 Kb8 46. f4
Nxg3 47. fxe5 dxe5 48. Kf3 Nh5 49. Nxe5 Ra3+ 50. Kg2 g5 51. Nc6+ Kb7 52. d6
Nf4+ 53. Rxf4 cxd6 54. Rf7+ Kc8 55. Ne7+ 1-0

[Event "18. Open de Sants Hostafrancs 2016"]
[Site "Barcelona ESP"]
[Date "2016.08.22"]
[Round "4.32"]
[White "Guezennec, Franck"]
[Black "Movsziszian, Karen"]
[Result "0-1"]
[WhiteElo "2232"]
[BlackElo "2495"]
[PlyCount "94"]
[EventDate "2016.08.19"]
[EventType "swiss"]
[EventRounds "10"]
[EventCountry "ESP"]
[SourceTitle "Ajedrez en Madrid"]
[Source "lmi"]
[SourceDate "2016.08.19"]

1. e4 g6 2. d4 Bg7 3. Nc3 d6 4. Be3 a6 5. Qd2 Nd7 6. Nf3 b5 7. a4 b4 8. Ne2 c5
9. Ng3 Qc7 10. c3 bxc3 11. bxc3 Ngf6 12. h3 O-O 13. Bd3 e5 14. O-O Bb7 15. Bh6
d5 16. Bxg7 Kxg7 17. exd5 exd4 18. c4 Ne5 19. Nxe5 Qxe5 20. Rab1 Bc8 21. Qa5
Nd7 22. Rfe1 Qg5 23. Qc7 Qd8 24. Qd6 a5 25. Rb5 Ra6 26. Qf4 Rb6 27. Ne4 Ba6 28.
Rxb6 Qxb6 29. Rb1 Qa7 30. Nd6 f6 31. Nb5 Bxb5 32. axb5 Ne5 33. Qd2 Qb6 34. Be2
Nf7 35. Ra1 Ra8 36. f4 Nd6 37. Bd3 a4 38. Qe2 Re8 39. Qc2 Qa5 40. Rxa4 Qe1+ 41.
Bf1 Re3 42. Ra7+ Kh6 43. Ra2 d3 44. Qf2 Ne4 45. Qxe1 Rxe1 46. d6 d2 47. Rxd2
Nxd2 0-1

[Event "18. Open de Sants Hostafrancs 2016"]
[Site "Barcelona ESP"]
[Date "2016.08.22"]
[Round "4.33"]
[White "Arenas, David"]
[Black "Juan Bartroli, Pau"]
[Result "1/2-1/2"]
[WhiteElo "2490"]
[BlackElo "2231"]
[PlyCount "102"]
[EventDate "2016.08.19"]
[EventType "swiss"]
[EventRounds "10"]
[EventCountry "ESP"]
[SourceTitle "Ajedrez en Madrid"]
[Source "lmi"]
[SourceDate "2016.08.19"]

1. e4 c6 2. d4 d5 3. e5 Bf5 4. Nf3 e6 5. Be2 c5 6. Be3 cxd4 7. Nxd4 Ne7 8. O-O
Nbc6 9. Bb5 a6 10. Bxc6+ bxc6 11. c4 Qd7 12. Nc3 dxc4 13. Na4 Nd5 14. Nxf5 exf5
15. Bd4 Rd8 16. Qc1 Qe6 17. Qxc4 Nf4 18. Qxe6+ fxe6 19. Bb6 Rd5 20. g3 Nd3 21.
f4 g5 22. fxg5 Bg7 23. Rad1 Bxe5 24. b3 c5 25. Kg2 Bd6 26. Nc3 Rd4 27. Rf3 Ne5
28. Re3 Rxd1 29. Nxd1 Kf7 30. Bxc5 Bxc5 31. Rxe5 Bd4 32. Re2 Rc8 33. Nb2 Bxb2
34. Rxb2 Rc3 35. Re2 a5 36. Kh3 a4 37. bxa4 Rc4 38. a5 Ra4 39. a6 Rxa6 40. g4
Kg6 41. Kh4 fxg4 42. Rf2 g3 43. hxg3 Ra4+ 44. g4 Ra3 45. Rb2 Kg7 46. Re2 Kf7
47. g6+ hxg6 48. Kg5 Kg7 49. Kf4 Ra4+ 50. Ke5 Rxg4 51. Kxe6 Ra4 1/2-1/2

[Event "18. Open de Sants Hostafrancs 2016"]
[Site "Barcelona ESP"]
[Date "2016.08.22"]
[Round "4.34"]
[White "Cruz, Jonathan"]
[Black "Rasch, Holger"]
[Result "1-0"]
[WhiteElo "2433"]
[BlackElo "2221"]
[PlyCount "123"]
[EventDate "2016.08.19"]
[EventType "swiss"]
[EventRounds "10"]
[EventCountry "ESP"]
[SourceTitle "Ajedrez en Madrid"]
[Source "lmi"]
[SourceDate "2016.08.19"]

1. e4 c5 2. Nf3 e6 3. b3 a6 4. Bb2 Nc6 5. e5 d5 6. exd6 Nf6 7. Na3 b5 8. c4 b4
9. Nc2 Bxd6 10. d4 cxd4 11. Ncxd4 Bb7 12. Nxc6 Bxc6 13. Nd4 Bb7 14. Be2 Qc7 15.
Bf3 Rd8 16. Qe2 O-O 17. O-O-O Bc5 18. Bxb7 Qxb7 19. f3 Qc7 20. Kb1 Qb6 21. Qe5
Bd6 22. Qg5 Be7 23. Qe3 Bc5 24. Rd3 Rfe8 25. Qe5 Bd6 26. Qg5 Be7 27. Rhd1 Ne4
28. Qe3 Nc5 29. Nc2 Rxd3 30. Rxd3 Rd8 31. Bd4 Rc8 32. Rd2 a5 33. Bb2 Qc7 34.
Be5 Qb7 35. Nd4 f6 36. Bg3 e5 37. Nf5 Bf8 38. Nd6 Bxd6 39. Rxd6 a4 40. Rd5 Qc6
41. Bf2 Ne6 42. Qb6 axb3 43. axb3 Qe8 44. Be3 Nf4 45. Rd2 Rb8 46. Qd6 Ne6 47.
Kb2 Kh8 48. Qd7 Qg8 49. Rd6 Nd8 50. c5 Nf7 51. Rd2 Rd8 52. Qe6 Rxd2+ 53. Bxd2
Qd8 54. Bxb4 Qd4+ 55. Ka2 h6 56. Qxf7 Qxb4 57. Qc4 Qd2+ 58. Ka3 Qa5+ 59. Kb2
Qd2+ 60. Qc2 Qd4+ 61. Qc3 Qf2+ 62. Ka3 1-0

[Event "18. Open de Sants Hostafrancs 2016"]
[Site "Barcelona ESP"]
[Date "2016.08.22"]
[Round "4.35"]
[White "Reshef, Omer"]
[Black "Garcia-castany Musellas, Gal.l"]
[Result "1-0"]
[WhiteElo "2420"]
[BlackElo "2213"]
[PlyCount "107"]
[EventDate "2016.08.19"]
[EventType "swiss"]
[EventRounds "10"]
[EventCountry "ESP"]
[SourceTitle "Ajedrez en Madrid"]
[Source "lmi"]
[SourceDate "2016.08.19"]

1. e4 e5 2. Nf3 Nc6 3. Nc3 Nf6 4. Bb5 Bd6 5. d3 a6 6. Bxc6 dxc6 7. O-O h6 8. h3
O-O 9. Nh2 Be6 10. f4 exf4 11. Bxf4 Bxf4 12. Rxf4 Qd4+ 13. Kh1 Qe5 14. Rf2 Rad8
15. Nf3 Qc5 16. Qd2 b5 17. e5 Nd7 18. Re1 Rfe8 19. Ne4 Qe7 20. Qf4 Bd5 21. Rfe2
Bxe4 22. Qxe4 Qc5 23. b3 Nf8 24. d4 Qd5 25. Qd3 Ne6 26. c4 Qd7 27. Rd2 Qe7 28.
Qe4 c5 29. d5 Ng5 30. Nxg5 Qxg5 31. Rf2 Re7 32. h4 Qh5 33. Rf5 Qg6 34. e6 f6
35. Re3 Qe8 36. Rg3 Kh8 37. h5 Qf8 38. Rg6 Rb8 39. Qe3 bxc4 40. bxc4 Kh7 41.
Qxc5 Rb2 42. a4 Rb1+ 43. Kh2 Rc1 44. Rf4 Ra1 45. a5 Qd8 46. Qd4 Rxa5 47. Qe4
Kh8 48. g3 Ra3 49. Rfxf6 gxf6 50. Rxh6+ Kg8 51. Rg6+ Kh8 52. Qf5 Rg7 53. Rxf6
Qd6 54. Rf8+ 1-0

[Event "18. Open de Sants Hostafrancs 2016"]
[Site "Barcelona ESP"]
[Date "2016.08.22"]
[Round "4.36"]
[White "Fernandez, Maria Florencia"]
[Black "Mu, Ke"]
[Result "0-1"]
[WhiteElo "2231"]
[BlackElo "2419"]
[PlyCount "68"]
[EventDate "2016.08.19"]
[EventType "swiss"]
[EventRounds "10"]
[EventCountry "ESP"]
[SourceTitle "Ajedrez en Madrid"]
[Source "lmi"]
[SourceDate "2016.08.19"]

1. d4 d5 2. c4 e6 3. Nc3 c6 4. Nf3 Nf6 5. e3 Nbd7 6. Qc2 Bd6 7. b3 O-O 8. Bb2
e5 9. Be2 e4 10. Nd2 Re8 11. g4 Nf8 12. h3 Be6 13. g5 N6d7 14. h4 a5 15. O-O-O
a4 16. Rdg1 axb3 17. axb3 Ba3 18. h5 Qa5 19. Bg4 Bxg4 20. Rxg4 Ne6 21. Rf1 f5
22. gxf6 Nxf6 23. Rh4 b5 24. c5 Bxb2+ 25. Qxb2 b4 26. Na4 Qb5 27. Qc2 h6 28.
Rhh1 Ng5 29. Qd1 Ra7 30. Qc2 Rf7 31. f4 exf3 32. Rhg1 Rxe3 33. Qg6 Nfe4 34.
Nxe4 Rxe4 0-1